Central Library OPAC University of Rajshahi

আধুনিক কবি ও কবিতা / (Record no. 54404)

MARC details
000 -LEADER
fixed length control field 00873nam a2200229 a 4500
001 - CONTROL NUMBER
control field 54404
003 - CONTROL NUMBER IDENTIFIER
rucl marc code BD-RjUL
005 - DATE AND TIME OF LATEST TRANSACTION
control field 20211209080120.0
008 - FIXED-LENGTH DATA ELEMENTS--GENERAL INFORMATION
fixed length control field 161106s1965 bg ||||| |||| 00| p ben d
020 ## - INTERNATIONAL STANDARD BOOK NUMBER
Terms of availability : Tk. 8.00
035 ## - SYSTEM CONTROL NUMBER
System control number (BD-RjUL)54526
040 ## - CATALOGING SOURCE
Original cataloging agency BD-RjUL
Language of cataloging ben
Transcribing agency BD-RjUL
041 ## - LANGUAGE CODE
Language code of text/sound track or separate title ben
082 ## - DEWEY DECIMAL CLASSIFICATION NUMBER
Edition number 23
Classification number 891.44109
Author mark and year RAA 1965
100 ## - MAIN ENTRY--PERSONAL NAME
Personal name রহমান, হাসান হাফিজুর
9 (RLIN) 162342
245 10 - TITLE STATEMENT
Title আধুনিক কবি ও কবিতা /
Statement of responsibility, etc. হাসান হাফিজুর রহমান
260 ## - PUBLICATION, DISTRIBUTION, ETC. (IMPRINT)
Place of publication, distribution, etc. ঢাকা :
Name of publisher, distributor, etc. বাংলা একাডেমী,
Date of publication, distribution, etc. ১৯৬৫
300 ## - PHYSICAL DESCRIPTION
Pagination ৩৩২ পৃ. ;
Size ২৩ সেমি.
650 ## - SUBJECT ADDED ENTRY--TOPICAL TERM
Topical term or geographic name as entry element বাংলা কবিতা
General subdivision ইতিহাস ও সমালোচনা
9 (RLIN) 162343
Topical term or geographic name as entry element Bengali Poetry
General subdivision History and Criticism
9 (RLIN) 162344
942 ## - ADDED ENTRY ELEMENTS (KOHA)
Source of classification or shelving scheme Dewey Decimal Classification
Koha item type Books
Holdings
Lost status Source of classification or shelving scheme Damaged status Not for loan Collection code Permanent Location Current Location Shelving location Date acquired Source of acquisition Cost, normal purchase price Total Checkouts Total Renewals Full call number Checked out Date last seen Date checked out Copy number Koha item type
  Dewey Decimal Classification     Non-fiction Central Library, University of Rajshahi Central Library, University of Rajshahi   01/07/1968 Nawroge 8.00 34 2 B 891.44109 RAA 1965 08/06/2026 20/05/2026 20/05/2026 C-2 Books
  Dewey Decimal Classification   Not For Loan Non-fiction Central Library, University of Rajshahi Central Library, University of Rajshahi Reading Room 21/01/1967 Porishad 8.00     B 891.44109 RAA 1965   14/02/2017   C-1 Books
  Dewey Decimal Classification     Non-fiction Central Library, University of Rajshahi Central Library, University of Rajshahi   21/01/1967   8.00 6   B 891.44109 RAA 1965   07/04/2026 06/04/2026 C-3 Books